[Event "Please do not Yell"]
[Site "SchemingMind.com"]
[Date "2009.05.09"]
[Round "-"]
[White "keen"]
[Black "Heidi"]
[Result "1-0"]
[WhiteCountry "SCO"]
[BlackCountry "USA"]
[WhiteElo "1651"]
[WhiteRD "62"]
[BlackElo "979"]
[BlackRD "69"]
[GameID "204104"]

1. d4 d5 2. e3 Nf6 3. Bd3 Nc6 4. c3 Bg4 5. Qc2 e5 6. f3 Be6 7. Ne2 e4 8. Bb5 Bd6 9. O-O O-O 10. f4 a6
11. Ba4 Nxd4 12. cxd4 Ng4 13. h3 Nxe3 14. Bxe3 f5 15. Nbc3 Bf7 16. Ng3 Be6 17. Qf2 b5 18. Bb3 Qf6 19. Nh5 Qh6 20. Qe2 c6
21. Rac1 Qg6 22. Nd1 a5 23. Rxc6 Rfd8 24. Nf2 Bd7 25. Bxd5+ Kh8 26. Rxd6 Qxd6 27. Bxa8 Rxa8 28. Rc1 Rc8 29. Rxc8+ Bxc8 30. Qxb5 h6
31. Qe8+ Kh7 32. Qxc8 Kg6 33. Nxe4 Qb6 34. Qe8+ Kh7 35. Nef6+ gxf6 36. Qf7+ Kh8 37. Qg7#
1-0

[Event "Please do not Yell"]
[Site "SchemingMind.com"]
[Date "2009.05.14"]
[Round "-"]
[White "keen"]
[Black "Nerjano"]
[Result "0-1"]
[WhiteCountry "SCO"]
[BlackCountry "BEL"]
[WhiteElo "1651"]
[WhiteRD "62"]
[BlackElo "1765"]
[BlackRD "121"]
[GameID "204105"]

1. d4 d5 2. e3 Nf6 3. Bd3 g6 4. Nd2 Bg7 5. Ne2 O-O 6. c3 Nbd7 7. O-O e5 8. dxe5 Nxe5 9. Bc2 Nfg4 10. h3 Qh4
11. Ng3 Nh6 12. Nb3 Bg4 13. Qd2 Nf3+ 14. gxf3 Bxf3 15. Bd1 Be4 16. Nxe4 dxe4 17. f4 Qxh3 18. Qg2 Qe6 19. Nd4 Qe7 20. Bc2 Rfe8
21. Bd2 Rad8 22. Rf2 c5 23. Nb3 Nf5 24. Re1 Bf6 25. Ree2 Nh4 26. Qg3 Nf3+ 27. Rxf3 exf3 28. Qxf3 b6 29. Rg2 Qd7 30. f5 Be5
31. fxg6 hxg6 32. Qh5 Bg7 33. Qg5 Re5 34. Qg3 c4 35. Nd4 Ra5 36. a3 Rh5 37. Bd1 Rd5 38. Bg4 Qe8 39. Bf5 Bxd4 40. exd4 Rxf5
41. Qh3 Rdd5
0-1

[Event "Please do not Yell"]
[Site "SchemingMind.com"]
[Date "2009.05.10"]
[Round "-"]
[White "e_castle3"]
[Black "keen"]
[Result "0-1"]
[WhiteCountry "PHI"]
[BlackCountry "SCO"]
[WhiteElo "1744"]
[WhiteRD "66"]
[BlackElo "1654"]
[BlackRD "59"]
[GameID "204106"]

1. f4 b6 2. e4 Bb7 3. Nf3 Bxe4 4. Nc3 Bb7 5. d3 Nf6 6. Be3 d5 7. d4 e6 8. Qd2 Nbd7 9. O-O-O c5 10. Bb5 a6
11. Bxd7+ Qxd7 12. Ne5 Qc7 13. Qe2 Be7 14. g4 Nd7 15. h4 Nxe5 16. fxe5 c4 17. h5 b5 18. Rdf1 Bc6 19. g5 b4 20. Nd1 c3
21. Qf3 Rf8 22. Qh3 cxb2+ 23. Kb1 b3 24. cxb3 Bb5 25. Rf2 Bd3+ 26. Kxb2 Qa5 27. g6 Qa3+ 28. Ka1 Bf5 29. gxf7+ Rxf7 30. Qf1 Rc8
31. Nb2 Rc3 32. Bc1 Rxb3 33. Qd1 Qxa2+
0-1

[Event "Please do not Yell"]
[Site "SchemingMind.com"]
[Date "2009.05.11"]
[Round "-"]
[White "echecs"]
[Black "keen"]
[Result "1-0"]
[WhiteCountry "ENG"]
[BlackCountry "SCO"]
[WhiteElo "1784"]
[WhiteRD "54"]
[BlackElo "1654"]
[BlackRD "59"]
[GameID "204107"]

1. e4 d5 2. exd5 Qxd5 3. Nc3 Qa5 4. d4 Nf6 5. Nf3 c6 6. Bd2 Bf5 7. Bc4 e6 8. Nd5 Qd8 9. Ne3 Be7 10. Nxf5 exf5
11. O-O O-O 12. c3 Nbd7 13. Qb3 Qc7 14. Ng5 Nd5 15. Bxd5 cxd5 16. Qxd5 Nf6 17. Qxf5 Rad8 18. Be3 g6 19. Qh3 Nh5 20. g4 Bxg5
21. Bxg5 Rd5 22. f4 Ng7 23. Bf6 Qb6 24. Qf3 Rb5 25. Be7 Re8 26. Bc5 Qc7 27. Rab1 Ne6 28. Rfe1 Qd7 29. Ba3 h5 30. f5 gxf5
31. gxh5 Kh7 32. Rbd1 Rg8+ 33. Kf1 Qc7 34. Rd2 Ng5 35. Qe3 Qc6 36. Bc5 Qh1+ 37. Ke2 Qxh2+ 38. Kd3 Qh4 39. Kc4 a6 40. a4 Ra5
41. Kb4 b6 42. Bxb6 Rd5 43. a5 Rb5+ 44. Ka4 Ne4 45. Rc2 Rg3 46. Qc1 Rxb6 47. axb6 Nc5+ 48. Ka3 Qxd4 49. b4 Nd3 50. cxd4 Nxc1+
51. Ka4 Nd3 52. Re7 Kg7 53. b7
1-0

[Event "Please do not Yell"]
[Site "SchemingMind.com"]
[Date "2009.05.10"]
[Round "-"]
[White "Archon"]
[Black "keen"]
[Result "1-0"]
[WhiteCountry "CAN"]
[BlackCountry "SCO"]
[WhiteElo "1703"]
[WhiteRD "59"]
[BlackElo "1651"]
[BlackRD "62"]
[GameID "204108"]

1. d4 Nf6 2. Nc3 g6 3. e4 Bg7 4. Bc4 O-O 5. f3 d6 6. Nge2 e6 7. Be3 Nbd7 8. Qd2 Nb6 9. Bb3 Bd7 10. O-O-O a5
11. a3 a4 12. Ba2 Qb8 13. h4 Qe8 14. h5 Nc8 15. hxg6 fxg6 16. Bh6 Qe7 17. Bxg7 Qxg7 18. Rh2 Kf7 19. e5 Ne8 20. exd6 cxd6
21. Nf4 Ne7 22. Rdh1 Rh8 23. Ne4 Nf5 24. Ng5+ Kg8 25. Ngxe6 Bxe6 26. Bxe6+ Kf8 27. Bxf5 gxf5 28. Ne6+
1-0

[Event "Please do not Yell"]
[Site "SchemingMind.com"]
[Date "2009.05.10"]
[Round "-"]
[White "maro"]
[Black "keen"]
[Result "0-1"]
[WhiteCountry "MEX"]
[BlackCountry "SCO"]
[WhiteElo "1335"]
[WhiteRD "48"]
[BlackElo "1654"]
[BlackRD "58"]
[GameID "204109"]

1. e4 d5 2. exd5 Qxd5 3. Nc3 Qa5 4. b3 e5 5. d4 Bb4 6. dxe5 Bxc3+ 7. Bd2 Qxe5+ 8. Be2 Bxa1 9. c3 Bxc3 10. Bxc3 Qxc3+
11. Kf1 Nf6 12. Bb5+ c6 13. Bc4 O-O 14. Ne2 Qb2 15. g3 Bh3+ 16. Kg1 Nbd7 17. Nf4 Bg4 18. Qd6 Ne4 19. Ne6 Qxf2#
0-1

[Event "Please do not Yell"]
[Site "SchemingMind.com"]
[Date "2009.05.10"]
[Round "-"]
[White "Ollowain"]
[Black "keen"]
[Result "1-0"]
[WhiteCountry "GER"]
[BlackCountry "SCO"]
[WhiteElo "2107"]
[WhiteRD "83"]
[BlackElo "1654"]
[BlackRD "59"]
[GameID "204110"]

1. e4 d5 2. exd5 Qxd5 3. Nc3 Qa5 4. d4 Nf6 5. Nf3 c6 6. Bc4 Bf5 7. Bd2 e6 8. Qe2 Bb4 9. O-O-O Nbd7 10. a3 Bxc3
11. Bxc3 Qc7 12. Ne5 Nxe5 13. dxe5 Nd5 14. Bd2 O-O-O 15. g4 Bg6 16. f4 h6 17. Rhf1 Qb6 18. f5 Bh7 19. fxe6 fxe6 20. h4 Qc7
21. h5 Rhe8 22. g5 Bf5 23. gxh6 gxh6 24. Bxh6 Qh7 25. Bg5 Rd7 26. h6 Rg8 27. Rg1 Rdg7 28. hxg7 Rxg7 29. Bf6 Qh6+ 30. Qd2 Qxd2+
31. Kxd2 Rd7 32. Rg8+ Kc7 33. Kc1 Kb6 34. Bd8+ Kc5 35. Be2 Bxc2 36. b4+
1-0

[Event "Please do not Yell"]
[Site "SchemingMind.com"]
[Date "2009.05.10"]
[Round "-"]
[White "AycaguerMarcel"]
[Black "keen"]
[Result "0-1"]
[WhiteCountry "URU"]
[BlackCountry "SCO"]
[WhiteElo "1532"]
[WhiteRD "77"]
[BlackElo "1654"]
[BlackRD "58"]
[GameID "204111"]

1. e4 d5 2. exd5 Qxd5 3. Nf3 Bg4 4. Be2 Nc6 5. Nc3 Qd7 6. O-O O-O-O 7. d3 e5 8. Be3 Nf6 9. a3 a6 10. b4 Bd6
11. Rb1 Nd4 12. Bxd4 exd4 13. Na2 h5 14. Nc1 Nd5 15. Na2 Nf4 16. Re1 Nxe2+ 17. Qxe2 h4 18. b5 axb5 19. Qd2 h3 20. Ng5 hxg2
21. h3 Bxh3
0-1

[Event "Please do not Yell"]
[Site "SchemingMind.com"]
[Date "2009.05.10"]
[Round "-"]
[White "Heidi"]
[Black "keen"]
[Result "0-1"]
[WhiteCountry "USA"]
[BlackCountry "SCO"]
[WhiteElo "993"]
[WhiteRD "71"]
[BlackElo "1654"]
[BlackRD "58"]
[GameID "204112"]

1. e4 d5 2. Nc3 dxe4 3. d4 exd3 4. cxd3 e5 5. Nf3 Nc6 6. Be2 Nf6 7. O-O Be7 8. b3 O-O 9. Be3 Bf5 10. d4 Bb4
11. Bd3 e4 12. Nxe4 Nxe4 13. Rc1 Qd7 14. d5 Qxd5 15. h3 Nc3 16. Qd2 Qxd3 17. Qxc3 Bxc3 18. Rxc3 Qxc3 19. Rd1 Rad8 20. Re1 Be4
21. Ng5 Qxe1+ 22. Kh2 Bb1
0-1

[Event "Please do not Yell"]
[Site "SchemingMind.com"]
[Date "2009.05.11"]
[Round "-"]
[White "Nerjano"]
[Black "keen"]
[Result "1-0"]
[WhiteCountry "BEL"]
[BlackCountry "SCO"]
[WhiteElo "1765"]
[WhiteRD "121"]
[BlackElo "1651"]
[BlackRD "62"]
[GameID "204113"]

1. Nf3 Nf6 2. c4 g6 3. b4 Bg7 4. Bb2 O-O 5. g3 d6 6. Bg2 c6 7. d4 Nbd7 8. O-O Rb8 9. Nbd2 Re8 10. Nb3 Nb6
11. Rc1 Bd7 12. c5 Nbd5 13. a3 b6 14. Nfd2 bxc5 15. dxc5 Qc8 16. e4 Nc7 17. cxd6 exd6 18. Qc2 Ne6 19. e5 dxe5 20. Bxe5 Rb6
21. Nc4 Ra6 22. Nd6 Qc7 23. Nxf7 Qb6 24. Bd4 Nxd4 25. Nxd4 Kxf7 26. Qd3 Kg8 27. Bxc6 Qd8 28. Qxa6 Ne4 29. Qxa7 Bh3 30. Bxe8 Bxf1
31. Bf7+ Kf8 32. Ne6#
1-0

[Event "Please do not Yell"]
[Site "SchemingMind.com"]
[Date "2009.05.14"]
[Round "-"]
[White "Pedro666"]
[Black "e_castle3"]
[Result "1-0"]
[WhiteCountry "POL"]
[BlackCountry "PHI"]
[WhiteElo "2140"]
[WhiteRD "94"]
[BlackElo "1744"]
[BlackRD "66"]
[GameID "204128"]

1. e4 e5 2. Nf3 Nc6 3. d4 exd4 4. Nxd4 Nxd4 5. Qxd4 d6 6. Bc4 Be6 7. Bxe6 fxe6 8. e5 d5 9. O-O Qe7 10. c4 c5
11. Qg4 h5 12. Qh3 O-O-O 13. cxd5 Rxd5 14. f4 Qd7 15. Nc3 Rd3 16. Rf3 Rxf3 17. Qxf3 Ne7 18. Be3 Nf5 19. Bf2 Be7 20. Rd1 Qe8
21. Ne4 Qb5 22. Qc3 Kb8 23. Nxc5 Bxc5 24. Bxc5 Rc8 25. Bxa7+
1-0

[Event "Please do not Yell"]
[Site "SchemingMind.com"]
[Date "2009.05.10"]
[Round "-"]
[White "Pedro666"]
[Black "keen"]
[Result "1-0"]
[WhiteCountry "POL"]
[BlackCountry "SCO"]
[WhiteElo "2115"]
[WhiteRD "88"]
[BlackElo "1654"]
[BlackRD "58"]
[GameID "204129"]

1. d4 Nf6 2. Nf3 g6 3. g3 Bg7 4. Bg2 d6 5. O-O O-O 6. c4 c6 7. Nc3 Na6 8. e4 Rb8 9. d5 Bd7 10. h3 Nc7
11. Be3 Qc8 12. Bxa7 Ra8 13. Bb6 Ra6 14. Bxc7 Qxc7 15. Re1 Qc8 16. Kh2 Ra8 17. Re2 Re8 18. e5 dxe5 19. Nxe5 Bf5 20. dxc6 bxc6
21. Nxc6 Bf8 22. b4 Kg7 23. Qb3 Ra6 24. b5 Rb6 25. a4 Bxh3 26. Bxh3 Qxc6 27. a5 Rbb8 28. bxc6 Rxb3 29. c7 e6 30. Nb5 Bc5
31. a6 Ra8 32. Bg2
1-0

[Event "Please do not Yell"]
[Site "SchemingMind.com"]
[Date "2009.05.11"]
[Round "-"]
[White "Pedro666"]
[Black "echecs"]
[Result "1-0"]
[WhiteCountry "POL"]
[BlackCountry "ENG"]
[WhiteElo "2115"]
[WhiteRD "88"]
[BlackElo "1766"]
[BlackRD "63"]
[GameID "204130"]

1. c4 c5 2. Nc3 Nc6 3. g3 b6 4. Bg2 Bb7 5. Nf3 Rb8 6. O-O Nf6 7. d3 e6 8. Qa4 a6 9. a3 Na5 10. b4 cxb4
11. axb4 Nc6 12. b5 axb5 13. Nxb5 Ra8 14. Qxa8 Bxa8 15. Rxa8 Nb8 16. Bf4 d6 17. Nfd4 Nfd7 18. Nc6 e5 19. Nxd8 Kxd8 20. Be3 Kc8
21. Bc6 g6 22. Bxd7+ Kxd7 23. Rxb8
1-0

[Event "Please do not Yell"]
[Site "SchemingMind.com"]
[Date "2009.05.10"]
[Round "-"]
[White "Pedro666"]
[Black "Archon"]
[Result "1-0"]
[WhiteCountry "POL"]
[BlackCountry "CAN"]
[WhiteElo "2132"]
[WhiteRD "90"]
[BlackElo "1703"]
[BlackRD "59"]
[GameID "204131"]

1. d4 d6 2. Nf3 g6 3. g3 Bg7 4. Bg2 Nc6 5. c4 e5 6. Bg5 Nge7 7. d5 Nd4 8. Nc3 a5 9. Nxd4 exd4 10. Ne4 h6
11. Bf6 O-O 12. Bxg7 f5 13. Bxf8 Qxf8 14. Nd2 Bd7 15. Nb3 Qg7 16. Qxd4 a4 17. Qxg7+ Kxg7 18. Nd4 Re8 19. Kd2 Ng8 20. b4 Nf6
21. Rab1 Ng4 22. Ne6+ Bxe6 23. dxe6 c6 24. b5 d5 25. bxc6
1-0

[Event "Please do not Yell"]
[Site "SchemingMind.com"]
[Date "2009.05.11"]
[Round "-"]
[White "Pedro666"]
[Black "maro"]
[Result "1-0"]
[WhiteCountry "POL"]
[BlackCountry "MEX"]
[WhiteElo "2115"]
[WhiteRD "88"]
[BlackElo "1335"]
[BlackRD "48"]
[GameID "204132"]

1. d4 d5 2. Nf3 Nc6 3. c4 dxc4 4. d5 Na5 5. Bf4 Bf5 6. Nc3 Nf6 7. Nb5 Nxd5 8. Qxd5 Bd7 9. Nxc7+ Qxc7 10. Bxc7 e6
11. Qd4 b6 12. Bd6 Bxd6 13. Qxd6 O-O-O 14. Qb4 Bc6 15. Ne5 Rhf8 16. Nxc6 Nxc6 17. Qxc4 Rd4 18. Qxc6+ Kd8 19. e3 Rb4 20. Qd6+
1-0

[Event "Please do not Yell"]
[Site "SchemingMind.com"]
[Date "2009.05.10"]
[Round "-"]
[White "Pedro666"]
[Black "Ollowain"]
[Result "1/2-1/2"]
[WhiteCountry "POL"]
[BlackCountry "GER"]
[WhiteElo "2138"]
[WhiteRD "96"]
[BlackElo "2092"]
[BlackRD "87"]
[GameID "204133"]

1. g3 d5 2. Nf3 Nf6 3. Bg2 c6 4. O-O Bg4 5. d3 Nbd7 6. Nbd2 e5 7. c4 Bd6 8. Qc2 O-O 9. a3 Re8 10. b4 e4
11. Nd4 Be5 12. N2b3 exd3 13. exd3 dxc4 14. dxc4 a5 15. Bb2 c5 16. Nb5 axb4 17. axb4 Rxa1 18. Rxa1 cxb4 19. Bxb7 Bxb2 20. Qxb2 Qb6
21. Bg2=
1/2-1/2

[Event "Please do not Yell"]
[Site "SchemingMind.com"]
[Date "2009.05.10"]
[Round "-"]
[White "Pedro666"]
[Black "AycaguerMarcel"]
[Result "1-0"]
[WhiteCountry "POL"]
[BlackCountry "URU"]
[WhiteElo "2132"]
[WhiteRD "90"]
[BlackElo "1558"]
[BlackRD "73"]
[GameID "204134"]

1. d4 e6 2. Nf3 d5 3. Bf4 Bd6 4. Ne5 Nf6 5. e3 O-O 6. Nd2 b6 7. Bd3 Ba6 8. Bxa6 Nxa6 9. O-O c5 10. Qe2 Nc7
11. h3 a6 12. Ndf3 Bxe5 13. Nxe5 Nb5 14. Rfd1 c4 15. Bg5 Nd6 16. f3 Nde8 17. Ng4 h5 18. Nxf6+ Nxf6 19. e4 Qc7 20. Bxf6 gxf6
21. Qf2 Qf4 22. Re1 Rad8 23. g3 Qg5 24. f4 Qg6 25. f5 Qg5 26. Rad1 Kh7 27. Kh2 Rg8 28. exd5 exd5 29. Re7
1-0

[Event "Please do not Yell"]
[Site "SchemingMind.com"]
[Date "2009.05.10"]
[Round "-"]
[White "Pedro666"]
[Black "Heidi"]
[Result "1-0"]
[WhiteCountry "POL"]
[BlackCountry "USA"]
[WhiteElo "2115"]
[WhiteRD "88"]
[BlackElo "993"]
[BlackRD "71"]
[GameID "204135"]

1. Nf3 d5 2. d4 Nc6 3. c4 e5 4. cxd5 Qxd5 5. Nc3 Qd6 6. d5 Nb4 7. a3 Na6 8. e4 Nf6 9. Be3 Nxe4 10. Nxe4 Qd7
11. Nxe5 Qe7 12. Qa4+ c6 13. dxc6 b6 14. c7+ b5 15. Bxb5+ Bd7 16. Bxd7+
1-0

[Event "Please do not Yell"]
[Site "SchemingMind.com"]
[Date "2009.05.14"]
[Round "-"]
[White "Pedro666"]
[Black "Nerjano"]
[Result "1-0"]
[WhiteCountry "POL"]
[BlackCountry "BEL"]
[WhiteElo "2132"]
[WhiteRD "90"]
[BlackElo "1765"]
[BlackRD "121"]
[GameID "204136"]

1. d4 d5 2. Nf3 Nf6 3. c4 c6 4. cxd5 cxd5 5. Nc3 Nc6 6. Bf4 Nh5 7. Bg5 h6 8. Bh4 g5 9. Bg3 Nxg3 10. hxg3 Bg7
11. e3 g4 12. Ng1 e5 13. dxe5 Bxe5 14. Bd3 Qf6 15. Nxd5 Qd8 16. Nc3 Nb4 17. Qa4+ Nc6 18. O-O-O Bd7 19. Bf5 Bxc3 20. Bxd7+ Kf8
21. Bxc6 Bxb2+ 22. Kxb2 Qb6+ 23. Bb5 Qf6+ 24. Qd4 Qxf2+ 25. Rd2
1-0

[Event "Please do not Yell"]
[Site "SchemingMind.com"]
[Date "2009.05.10"]
[Round "-"]
[White "e_castle3"]
[Black "Pedro666"]
[Result "0-1"]
[WhiteCountry "PHI"]
[BlackCountry "POL"]
[WhiteElo "1691"]
[WhiteRD "69"]
[BlackElo "2132"]
[BlackRD "90"]
[GameID "204137"]

1. e4 Nf6 2. e5 Nd5 3. c4 Nb6 4. d4 d6 5. f4 dxe5 6. fxe5 Nc6 7. Nf3 Bg4 8. Be3 Bxf3 9. gxf3 e6 10. Nc3 Qh4+
11. Bf2 Qf4 12. Nb5 O-O-O 13. Bg3 Qe3+ 14. Be2 Nxd4 15. Nxd4 Rxd4 16. Qb3 Nxc4 17. Qxe3 Nxe3 18. Rc1 Bb4+ 19. Kf2 Bd2 20. Rc5 Nd5
21. Rd1 Be3+ 22. Ke1 Rxd1+ 23. Bxd1 Bxc5
0-1

[Event "Please do not Yell"]
[Site "SchemingMind.com"]
[Date "2009.05.10"]
[Round "-"]
[White "keen"]
[Black "Pedro666"]
[Result "0-1"]
[WhiteCountry "SCO"]
[BlackCountry "POL"]
[WhiteElo "1654"]
[WhiteRD "58"]
[BlackElo "2115"]
[BlackRD "88"]
[GameID "204138"]

1. d4 Nf6 2. c4 g6 3. Nc3 Bg7 4. e4 d6 5. Nf3 O-O 6. Be2 e5 7. O-O Nbd7 8. h3 c6 9. Be3 exd4 10. Nxd4 Nc5
11. Qc2 Re8 12. f3 Nh5 13. Bf2 Nf4 14. Rad1 Qg5 15. g3 Nxh3+ 16. Kg2 Nxf2 17. Rxf2 Bxd4 18. Rxd4 Ne6 19. f4 Nxd4 20. Qd3 Qf6
21. e5 dxe5 22. Ne4 Qg7 23. Bd1 Bf5 24. Qe3 Bxe4+ 25. Qxe4 exf4 26. Qxf4 Nf5 27. Bc2 Ne3+ 28. Kh2 Nxc2 29. Rxc2 Qe5 30. Qf3 Qh5+
0-1

[Event "Please do not Yell"]
[Site "SchemingMind.com"]
[Date "2009.05.11"]
[Round "-"]
[White "echecs"]
[Black "Pedro666"]
[Result "0-1"]
[WhiteCountry "ENG"]
[BlackCountry "POL"]
[WhiteElo "1766"]
[WhiteRD "63"]
[BlackElo "2115"]
[BlackRD "88"]
[GameID "204139"]

1. e4 Nf6 2. e5 Nd5 3. c4 Nb6 4. d4 d6 5. f4 dxe5 6. fxe5 Nc6 7. Be3 Bf5 8. Nc3 e6 9. Nf3 Be7 10. a3 f6
11. d5 Nxe5 12. Nxe5 fxe5 13. Qf3 O-O 14. dxe6 Bd3 15. Qxb7 Bxf1 16. Rxf1 Rxf1+ 17. Kxf1 Qd3+ 18. Kf2 Rf8+
0-1

[Event "Please do not Yell"]
[Site "SchemingMind.com"]
[Date "2009.05.10"]
[Round "-"]
[White "Archon"]
[Black "Pedro666"]
[Result "0-1"]
[WhiteCountry "CAN"]
[BlackCountry "POL"]
[WhiteElo "1703"]
[WhiteRD "59"]
[BlackElo "2132"]
[BlackRD "90"]
[GameID "204140"]

1. d4 Nf6 2. Nc3 d5 3. e4 dxe4 4. f3 exf3 5. Nxf3 Bg4 6. h3 Bh5 7. g4 Bg6 8. Ne5 e6 9. Qf3 c6 10. g5 Nd5
11. Bd3 Qe7 12. Bd2 Bxd3 13. Nxd3 Nxc3 14. Bxc3 Qxg5 15. h4 Qd5 16. Qh3 Nd7 17. Rf1 Nf6 18. b3 Qe4+ 19. Kd2 Qg4 20. Qh2 Ne4+
21. Kc1 Bd6 22. Ne5 Bxe5 23. Qxe5 Nxc3 24. Kb2 Nd5 25. c4 Nb4 26. Qe3 Qxh4 27. Rae1 Qe7 28. d5 cxd5 29. Qc3 dxc4 30. Qxg7 Nd3+
31. Kb1 Rf8
0-1

[Event "Please do not Yell"]
[Site "SchemingMind.com"]
[Date "2009.05.10"]
[Round "-"]
[White "maro"]
[Black "Pedro666"]
[Result "0-1"]
[WhiteCountry "MEX"]
[BlackCountry "POL"]
[WhiteElo "1335"]
[WhiteRD "48"]
[BlackElo "2115"]
[BlackRD "88"]
[GameID "204141"]

1. d4 d5 2. c4 c6 3. c5 e5 4. e3 Nd7 5. Nf3 e4 6. Ne5 Nxe5 7. Be2 Nd7 8. Nc3 Ne7 9. O-O Ng6 10. b4 f5
11. Bh5 Nf6 12. Bxg6+ hxg6 13. h3 g5 14. Ne2 g4 15. hxg4 Nxg4 16. Nf4 Qh4
0-1

[Event "Please do not Yell"]
[Site "SchemingMind.com"]
[Date "2009.05.10"]
[Round "-"]
[White "Ollowain"]
[Black "Pedro666"]
[Result "1-0"]
[WhiteCountry "GER"]
[BlackCountry "POL"]
[WhiteElo "2172"]
[WhiteRD "90"]
[BlackElo "2113"]
[BlackRD "102"]
[GameID "204142"]

1. e4 Nf6 2. e5 Nd5 3. d4 d6 4. Nf3 Bg4 5. Be2 c6 6. O-O Bxf3 7. Bxf3 dxe5 8. dxe5 e6 9. Nd2 Nf4 10. Nc4 Qxd1
11. Rxd1 Ng6 12. Be4 Nd7 13. f4 Bc5+ 14. Kf1 O-O-O 15. Ke2 Nb6 16. Nxb6+ Bxb6 17. Be3 Kc7 18. Bxb6+ Kxb6 19. g3 Ne7 20. c4 c5
21. a3 Nc6 22. Bxc6 Kxc6 23. b4 cxb4 24. axb4 a6 25. g4 Kc7 26. Rxd8 Rxd8 27. Ke3 f6 28. h4 f5 29. gxf5 exf5 30. Rg1 g6=
31. h5 Rg8 32. hxg6 hxg6 33. c5 Kc6 34. Rd1 Kb5 35. Rd6 Kc4 36. Rd4+ Kb5 37. Rd7 Kc4 38. Rxb7 a5 39. bxa5 Kxc5 40. a6 Ra8
41. a7 Kc6 42. Rg7 Kd5 43. Rxg6 Rxa7 44. Rd6+ Kc5 45. Rf6 Ra3+ 46. Kf2 Kd4 47. Rxf5 Ke4 48. Rf6
1-0

[Event "Please do not Yell"]
[Site "SchemingMind.com"]
[Date "2009.05.10"]
[Round "-"]
[White "AycaguerMarcel"]
[Black "Pedro666"]
[Result "0-1"]
[WhiteCountry "URU"]
[BlackCountry "POL"]
[WhiteElo "1532"]
[WhiteRD "77"]
[BlackElo "2115"]
[BlackRD "88"]
[GameID "204143"]

1. e4 Nf6 2. e5 Nd5 3. c4 Nb6 4. d4 d6 5. exd6 exd6 6. b3 Be7 7. Nf3 Bg4 8. Be2 Nc6 9. Bb2 Bf6 10. O-O O-O
11. Bc3 Re8 12. d5 Ne5 13. Kh1 Nbd7 14. Re1 Nxf3 15. Bxf3 Rxe1+ 16. Qxe1 Bxf3 17. gxf3 Ne5 18. Nd2 Nd3 19. Bxf6 Qxf6 20. Qg1 Nxf2+
0-1

[Event "Please do not Yell"]
[Site "SchemingMind.com"]
[Date "2009.05.10"]
[Round "-"]
[White "Heidi"]
[Black "Pedro666"]
[Result "0-1"]
[WhiteCountry "USA"]
[BlackCountry "POL"]
[WhiteElo "993"]
[WhiteRD "71"]
[BlackElo "2115"]
[BlackRD "88"]
[GameID "204144"]

1. e4 d6 2. Nf3 g6 3. Bc4 Bg7 4. d4 Nf6 5. O-O Nxe4 6. Ng5 d5 7. Nxf7 Kxf7 8. Qf3+ Nf6 9. Bd3 Rf8 10. b3 Kg8
11. Re1 c5 12. Bb2 Nc6 13. h3 Ne4 14. Qe3 Nxf2 15. Rf1 Nxd3 16. cxd3 Nxd4 17. Rf4 Rxf4 18. Qxf4 Ne2+ 19. Kh2 Nxf4 20. Nd2 Bxb2
21. Rf1 Qd6 22. Nf3 Nxh3+ 23. Kh1 Qg3 24. gxh3 Bxh3 25. Rg1 Qxf3+
0-1

[Event "Please do not Yell"]
[Site "SchemingMind.com"]
[Date "2009.05.11"]
[Round "-"]
[White "Nerjano"]
[Black "Pedro666"]
[Result "0-1"]
[WhiteCountry "BEL"]
[BlackCountry "POL"]
[WhiteElo "1630"]
[WhiteRD "97"]
[BlackElo "2140"]
[BlackRD "94"]
[GameID "204145"]

1. Nf3 Nf6 2. c4 g6 3. b4 Bg7 4. Bb2 O-O 5. g3 d6 6. Bg2 c6 7. d4 Nbd7 8. O-O Qc7 9. Nbd2 e5 10. Nb3 e4
11. Nfd2 d5 12. Rc1 Qb6 13. a3 e3 14. fxe3 Bh6 15. cxd5 Bxe3+ 16. Kh1 cxd5 17. Rc3 Bxd4 18. Nxd4 Qxd4 19. Rf4 Qb6 20. Rd3 Nh5
21. Rfd4 Ne5 22. Re3 Ng4 23. Rf3 Be6 24. Nb1 Rad8 25. Nc3 Ne5 26. Rf2 Nc6 27. Nxd5 Bxd5 28. Bxd5 Nxd4
0-1